[Event "Kujawsko Pomorskie-ch op-B 65th"]
[Site "Szubin"]
[Date "2012.08.15"]
[Round "1.1"]
[White "Krupecka Czarkowska, Danuta"]
[Black "Bultrowicz, Leszek"]
[Result "0-1"]
[WhiteElo "1364"]
[BlackElo "1685"]
[PlyCount "86"]
[EventDate "2012.08.09"]
[EventType "swiss"]
[EventRounds "9"]
[EventCountry "POL"]
[SourceTitle "EXT 2023"]
[Source "ChessBase"]
[SourceDate "2022.10.05"]
[SourceVersion "1"]
[SourceVersionDate "2022.10.05"]
[SourceQuality "1"]

1. e4 e5 2. Nf3 Nc6 3. Be2 d5 4. d3 Be7 5. Be3 f5 6. Nc3 f4 7. Bd2 Nf6 8. Na4 0-0 9. c4 Bd7 10. b3 a6 11. 0-0 Qe8 12. Bc3 Qg6 13. Nh4 Qg4 14. Nf5 Bxf5 15. exf5 Qxf5 16. Bf3 Rae8 17. Re1 Nd8 18. Qe2 h5 19. Be4 Qg5 20. Qf3 Nxe4 21. dxe4 Rf6 22. Kf1 Rg6 23. Ke2 Qxg2 24. Qxh5 Qxe4+ 25. Kd1 Qd3+ 26. Bd2 Rf8 27. Nb2 Qf5 28. Qe2 Nc6 29. Nd3 Nd4 30. Qf1 Qh5+ 31. Kc1 f3 32. Kb2 Ne2 33. Rec1 e4 34. Nb4 Bf6+ 35. Bc3 Bxc3+ 36. Rxc3 Qe5 37. Rac1 Rg1 38. Qh3 Rxc1 39. Nc2 Qxc3+ 40. Ka3 Nf4 41. Qd7 Rxc2 42. Qxc7 b5 43. Qd6 Qa5# 0-1

[Event "Nakel district-ch"]
[Site "Szubin"]
[Date "2009.10.04"]
[Round "5"]
[White "Bultrowicz, Leszek"]
[Black "Maksimenko, Andrei Jr"]
[Result "0-1"]
[WhiteElo "1713"]
[BlackElo "1783"]
[PlyCount "58"]
[EventDate "2009.10.02"]
[EventType "swiss"]
[EventRounds "9"]
[EventCountry "POL"]
[SourceTitle "EXT 2018"]
[Source "ChessBase"]
[SourceDate "2017.10.13"]
[SourceVersion "1"]
[SourceVersionDate "2017.10.13"]
[SourceQuality "1"]

1. d4 Nf6 2. c4 c5 3. d5 b5 4. Nc3 b4 5. Na4 d6 6. Qc2 e6 7. e4 Be7 8. Be2 0-0 9. a3 a5 10. Be3 Bd7 11. f4 Nxe4 12. Qxe4 Bxa4 13. Bd3 g6 14. axb4 exd5 15. cxd5 axb4 16. Nf3 Bf6 17. Rb1 Re8 18. Ne5 dxe5 19. 0-0 exf4 20. Qxf4 Rxe3 21. Bc4 Bc2 22. Rbc1 Bf5 23. Rfd1 Re4 24. Qg3 Bg4 25. b3 Bxd1 26. Rxd1 Bd4+ 27. Kh1 Ra1 28. Rxa1 Bxa1 29. d6 Qxd6 0-1

[Event "Kowalewo Pomorskie op-B"]
[Site "Kowalewo Pomorskie"]
[Date "2008.07.06"]
[Round "3.30"]
[White "Szymanowski, Mateusz"]
[Black "Bultrowicz, Leszek"]
[Result "0-1"]
[WhiteElo "1543"]
[BlackElo "1767"]
[PlyCount "64"]
[EventDate "2008.07.04"]
[EventType "swiss"]
[EventRounds "9"]
[EventCountry "POL"]
[SourceTitle "EXT 2023"]
[Source "ChessBase"]
[SourceDate "2022.10.05"]
[SourceVersion "1"]
[SourceVersionDate "2022.10.05"]
[SourceQuality "1"]

1. e4 c5 2. Nf3 d6 3. d4 cxd4 4. Nxd4 Nf6 5. Nc3 g6 6. f3 Bg7 7. Be3 0-0 8. Qd2 Nc6 9. 0-0-0 Bd7 10. g4 Rc8 11. h4 Qa5 12. Kb1 Nb4 13. Nb3 Qc7 14. h5 a5 15. hxg6 fxg6 16. a3 a4 17. Nd4 Na6 18. Bb5 Nc5 19. Qh2 Bxb5 20. Ndxb5 Qa5 21. Bd4 Ne6 22. Bxf6 Rxf6 23. Rd5 Nf4 24. Qxh7+ Kf8 25. Rg5 Rxc3 26. bxc3 d5 27. exd5 Qxb5+ 28. Kc1 Qe2 29. Qh2 Qe3+ 30. Qd2 Ne2+ 31. Kd1 Nxc3+ 32. Kc1 Na2+ 0-1